000 00302nam a2200109Ia 4500
008 171211s9999 xx 000 0 und d
245 _aWind Energy Engineering
245 _cPramod Jain
260 _c2010
650 _xEngineering and Technology
856 _uhttp://down.ebook777.com/064/0071714774.pdf
999 _c350305
_d350305